LEADER 00951nam0-2200289 --450 001 9910989595603321 005 20250407092405.0 010 $a978-88-6512-836-7 020 $aIT$b2022-4261 100 $a20250407d2022----kmuy0itay5050 ba 101 0 $aita$cita 102 $aIT 105 $aa 001yy 200 1 $a<>primo istituto religioso clericale cinese$ela Congregatio discipulorum Domini fondata nel 1927 da Celso Costantini$fBruno Fabio Pighin, Simon Ee Kim Chong 210 $aVenezia$cMarcianum Press$d2022 215 $a267 p.$cill.$d24 cm 610 0 $aDiscepoli del Signore$aStoria 676 $a255$v23$zita 700 1$aPighin,$bBruno Fabio$0511111 701 1$aEe Kim Chong,$bSimon$01802676 801 0$aIT$bUNINA$gREICAT$2UNIMARC 901 $aBK 912 $a9910989595603321 952 $aSTREL 29$b1034/2025$fFSPBC 959 $aFSPBC 996 $aPrimo istituto religioso clericale cinese$94348798 997 $aUNINA